Ešte raz ku vzťahu verejnej správy a tretieho sektora

Vyjadrenie autora k okruhu problémov a otázok spätých s vymedzením podstaty a obsahu tretieho sektora a neziskových organizácií a vzťahu neziskových organizácií a inštitucionálnych sektorov v ekonomike definovaných v SNÚ ESA 95.

Salvato in:
Dettagli Bibliografici
Autore principale: Sokira, Jozef
Natura: Capitolo di libro
Lingua:slovacco
Soggetti:
Tags: Aggiungi Tag
Nessun Tag, puoi essere il primo ad aggiungerne!!

MARC

LEADER 00000naa$a2200000$$$4500
001 0031580
005 20240502071437.9
041 0 |a slo 
044 |a SK 
245 1 0 |a Ešte raz ku vzťahu verejnej správy a tretieho sektora  |c Jozef Sokira 
520 |a Vyjadrenie autora k okruhu problémov a otázok spätých s vymedzením podstaty a obsahu tretieho sektora a neziskových organizácií a vzťahu neziskových organizácií a inštitucionálnych sektorov v ekonomike definovaných v SNÚ ESA 95. 
610 2 0 |a sektor terciárny 
610 2 0 |a sektor verejný 
610 2 0 |a organizácie neziskové 
610 2 0 |a pojmy 
610 2 0 |a správa verejná 
610 2 0 |a služby verejnoprospešné 
100 1 |a Sokira, Jozef